Health and world organization (Record no. 478434)

000 -LEADER
fixed length control field 00404cam a22001337a 4500
008 - FIXED-LENGTH DATA ELEMENTS--GENERAL INFORMATION
fixed length control field 180718b1941 xxu||||| |||| 00| 0 eng d
082 ## - DEWEY DECIMAL CLASSIFICATION NUMBER
Classification number O B661
100 ## - MAIN ENTRY--PERSONAL NAME
Personal name Boudreau, Frank G.
245 ## - TITLE STATEMENT
Title Health and world organization
Statement of responsibility, etc. by Frank G. Boudreau
260 ## - PUBLICATION, DISTRIBUTION, ETC.
Place of publication, distribution, etc. Washington, D.C.
Name of publisher, distributor, etc. Am. Council on Pub. Affairs
Date of publication, distribution, etc. 1941
300 ## - PHYSICAL DESCRIPTION
Extent 18p.
500 ## - GENERAL NOTE
General note $0.25
650 ## - SUBJECT ADDED ENTRY--TOPICAL TERM
Topical term or geographic name entry element Public Health - International Cooperation
Holdings
Withdrawn status Lost status Damaged status Not for loan Permanent Location Current Location Date acquired Full call number Barcode Date last seen Price effective from Koha item type
        Indian Institute of Public Administration Indian Institute of Public Administration 2018-08-04 O B661 GR1129 2018-08-04 2018-08-04 GR
        Indian Institute of Public Administration Indian Institute of Public Administration 2018-08-04 O B661 GR108 2018-08-04 2018-08-04 GR

Powered by Koha